Paroles: A.M - One Direction - Statistiques

Statistiques générales
  • Ce quiz a été pris 80 fois
  • Le résultat moyen est 248 sur 324
Statistiques - réponses
Réponse % Correct
the
100%
am?
97%
am
97%
in
97%
you
97%
You
97%
All
95%
all
95%
Always
95%
always
95%
conversations
95%
made
95%
my
95%
be
92%
stay
90%
to
90%
we
87%
yeah
87%
Won't
85%
for
82%
this
82%
were
82%
we're
82%
We're
82%
forever
79%
know
79%
like
79%
Like
79%
of
79%
'til
79%
what
79%
don't
77%
Don't
77%
favourite
77%
Feels
77%
our
77%
out
77%
and
74%
And
74%
'Cause
74%
'cause
74%
could
74%
it
74%
say
74%
just
72%
make
72%
gonna
69%
I'm
69%
i'm
69%
glasses
67%
saying
67%
time
67%
time?
67%
me
64%
same
64%
talking
64%
around
62%
back
62%
part
62%
place
62%
tonight
62%
your
62%
asses
59%
swimming
59%
these
59%
now
56%
on
56%
right
56%
about
54%
look
54%
loud
54%
There
54%
coming
51%
dreaming
51%
face
51%
going
51%
I'll
51%
raised
51%
that
51%
town
51%
wanna
51%
forget
49%
ground
49%
outside
46%
sleep
46%
wasting
46%
World
46%
Break
44%
Got
44%
kick
44%
never
44%
Remember
44%
used
44%
War
44%
how
41%
scars
41%
3
38%
but
36%
Trying
36%
behave
31%
clocks
31%
learned
23%
Aucun quiz correspondant
Distribution des résultats
% des personnes avec chaque résultat
Percentile par nombre de réponses
Votre historique - résultats
Vous n’avez pas pris ce quiz